000 00694nam a2200253Ia 4500
003 OSt
005 20221005093041.0
006 a|||||r|||| 00| 0
007 ta
008 221004b |||||||| |||| 00| 0 eng d
024 _a27733
037 _cTextual
040 _aCRL
_cCRL
_beng
041 _2eng
_aeng
082 _aX77, J5;1
100 _aBucuhanan Norman S
_9618059
245 0 _aApproaches to economic development
260 _aNew York
_bThe twentieth century fund
_c1955
300 _a494p.
_ccm.
650 _aECONOMICS
700 _a Ellis Howard S
_9122960
942 _hX77, J5;1
_cTEXL
_2cc
999 _c999761
_d999761